Tilastot visalle Suomalaiset NHL-pelaajat 1980-luvulla

Klikkaa tästä pelataksesi tätä visaa!

Yleistilastot

  • Tätä visaa on pelattu 287 kertaa
    (283 viimeisimmän päivityksen jälkeen)
  • Keskiarvotulos 40 / 46

Vastaustilastot

HintVastaus% Oikein
HyökkääjäEsa Tikkanen
99%
HyökkääjäJari Kurri
99%
HyökkääjäRaimo Helminen
97%
PuolustajaReijo Ruotsalainen
97%
MaalivahtiJarmo Myllys
95%
PuolustajaJyrki Lumme
95%
HyökkääjäPetri Skriko
95%
HyökkääjäMatti Hagman
94%
PuolustajaTeppo Numminen
94%
MaalivahtiKari Takko
93%
HyökkääjäIlkka Sinisalo
91%
HyökkääjäJanne Ojanen
91%
HyökkääjäRaimo Summanen
91%
PuolustajaRisto Siltanen
91%
HyökkääjäMikko Mäkelä
90%
MaalivahtiHannu Kamppuri
88%
PuolustajaPekka Rautakallio
88%
HyökkääjäVeli-Pekka Ketola
88%
HyökkääjäChristian Ruuttu
87%
PuolustajaTimo Jutila
87%
PuolustajaKari Eloranta
86%
MaalivahtiMarkus Mattsson
86%
HyökkääjäRisto Jalo
86%
HyökkääjäArto Javanainen
85%
HyökkääjäKari Jalonen
85%
PuolustajaSimo Saarinen
85%
PuolustajaVille Sirén
85%
MaalivahtiJari Kaarela
84%
PuolustajaPetteri Lehto
84%
PuolustajaTimo Blomqvist
84%
HyökkääjäAntero Lehtonen
83%
HyökkääjäAri Haanpää
83%
HyökkääjäHannu Järvenpää
83%
HyökkääjäAnssi Melametsä
82%
PuolustajaHannu Virta
82%
HyökkääjäKari Makkonen
82%
PuolustajaTapio Levo
82%
PuolustajaJari Grönstrand
81%
PuolustajaJyrki Seppä
80%
HyökkääjäIiro Järvi
78%
HyökkääjäJarmo Kekäläinen
78%
HyökkääjäJukka Porvari
78%
HyökkääjäJari Torkki
77%
PuolustajaKai Suikkanen
76%
HyökkääjäMarkku Kyllönen
72%
HyökkääjäMikko Leinonen
71%

Tulosjakauma

Persentiili vastausten määrän mukaan

Jokaisen tuloksen saaneiden osuus

Tuloshistoriasi

Et ole pelannut tätä visaa sen viimeisimmän päivityksen jälkeen